[Event "Primera semifinal"]
[Site "?"]
[Date "2009.06.05"]
[Round "1.1"]
[White "Ivanchuk, Vassily"]
[Black "Morozevich, Alexander"]
[Result "1-0"]
[WhiteElo "2746"]
[BlackElo "2751"]
[PlyCount "89"]
[EventDate "2009.06.05"]
[EventType "tourn"]
[EventRounds "4"]
[EventCountry "ESP"]
[SourceDate "2009.06.05"]

{La primera semifinal de esta XXII edición del Torneo Magistral Ciudad de León,
enfrentará a dos de los jugadores más creativos del ajedrez mundial: el
ucraniano Vassily Ivanchuk ganador de la pasada edición del Magistral, y el
ruso  Alexander Morozevich que debuta este año ante la afición leonesa.   Los
duelos anteriores entre estos jugadores son bastante espectaculares y en ellos
la lucha ha sido encarnizada y sin cuartel. Hasta en las partidas que acaban
en tablas, la sangre corre en el tablero.  Es curioso observar que a ritmo
rápido, como el de León, los marcadores arrojan casi un empate técnico de 7 a
6 a favor del ucraniano y 7 tablas.  En sus partidas a ritmo clásico la
supremacia de Ivanchuk es incontestable y los números hablan por si solos. 7 a
2 y solo 2 tablas!!.Vencer o morir es su lema.  Todo hace prever que este
primer asalto -que se disputará al mejor de cuatro partidas de 20 minutos con
un incremento 10 segundos por jugada- nos espera mucha emoción, una lucha
encarnizada y un ajedrez original y de altísima calidad.} 1. Nf3 d5 2. d4 Nf6
3. c4 e6 4. Nc3 Bb4 {Morozevich plantea la defensa Ragozin que se ha
convertido en una  de sus armas favoritas contra peón dama en los últimos años.
Carlsey Aronian son otros ilustres partidarios de este sistema.} 5. cxd5 exd5
6. Bg5 Nbd7 7. Rc1 c6 ({La alternativa principal es} 7... c5 {pero suele
conducir finales con el peón dama aislado que aseguran una leve ventaja al
blanco.} 8. dxc5 Qa5 9. a3 Bxc3+ 10. Rxc3 Ne4 11. Bd2 Ndxc5 12. Rc1 Nxd2 13.
Qxd2 Qxd2+ 14. Nxd2 {como en la partida Navara,D -Carlsen,M Wijk aan Zee 2006
que finalmente acabó en tablas en 39 jugadas}) 8. a3 Bd6 9. e3 O-O 10. Bd3 Re8
11. O-O Nf8 12. Re1 h6 13. Bh4 Bg4 14. Qc2 Bh5 ({después del cambio} 14... Bxf3
15. gxf3 {las blancas tienen una posición dominante gracias a la pareja de
alfiles,y el fuerte control del centro especialmente la casilla e4 las blancas
podrían organizar un ataque aprovechando la columna g abierta}) 15. Bg3 Bxg3
16. hxg3 Bg6 17. Bxg6 Nxg6 {Morozevich ha conseguido aliviar la presión blanca
gracias al cambio de dos piezas menores. No parece que las blancas hayan
conseguido nada tangible en la apertura.} 18. Ne2 Ne4 19. Nf4 Qf6 20. b4 {
Ivanchuk inicia el conocido ataque de las minorias} Nxf4 21. gxf4 Nd6 $1 {
Morozevich coloca el caballo en la casilla ideal desde donde  controla y
domina c4} ({una alternativa muy interesante pero probablemente superficial es
} 21... g5 {pero tras} 22. fxg5 hxg5 23. Ne5 Kg7 24. b5 cxb5 25. f3 Ng3 26. Qb3
{sería el blanco quien se haría la iniciativa}) 22. Qc3 a5 $1 {una vez evitado
el golpe b5 es el negro el que empieza a luchar por la iniciativa en el flanco
de dama.} 23. bxa5 Qd8 24. Qb4 Rxa5 {y son las negras, gracias a su compacta
estructura y la magnifica ubicación de su caballo quienes tienen ahora algo de
ventaja.} 25. a4 Qc7 26. Rc5 {antes de que Morozevich doble torres en la
columna a} ({una línea iluistrativa de las intenciones del negro puede ser la
siguiente} 26. Ne5 Rea8 27. Ra1 f6 28. Nd3 b5) 26... Ra6 27. Rec1 Qb6 (27...
Rea8 {permitiría} 28. Rxd5) 28. Qxb6 Rxb6 29. Ra5 f6 30. Ra7 Rb2 31. a5 {
Ivanchuk se ha defendido muy bien y ha neutralizado la actividad de las negras,
ahora amenaza a6 rompiendo la estructura negra} Ra2 32. a6 {!a pesar de todo!}
Rb8 {una posición curiosa: las blancas no pueden tomar en b7 pero tampoco es
fácil mejorar la posición de las piezas negras.  Lo que si está desiquilibrado
es el reloj; mientra que Ivanchuk dispone de 7 minutos a su rival le quedan
poco mñas de 2} 33. Ne1 {un busca de la casilla c5} Ra3 {impidiendo el paso
por la casilla d3} 34. Rb1 b6 $4 {un grave error fruto del apuro de tiempo.
Una jugada de espera como por ejemplo 34...h5 mantenía el equilibrio.} 35. Nc2
$1 {ahora las blancas consiguen una amplia ventaja debido a la debilidad de c6
combinado con la posibilidad de jugar Td7 -atacando el caballo- seguido de a7}
Ra5 36. Kf1 ({directamente} 36. Ra1 {es muy fuerte}) 36... Kh7 37. Ra1 Nc4 {
con segundos en el reloj Morozevich no encuentra solución a sus problemas que
por otra parte eran ya irresolubles} 38. Rxa5 bxa5 (38... Nxa5 39. Nb4 {es
desesperado}) 39. Rc7 $1 Rb6 40. a7 Ra6 41. Ke2 Kg6 ({el problema es que nunca
se puede jugar} 41... a4 {por} 42. Nb4) {Ahora Ivanchuk remata con gran
eficacia} 42. g4 $1 h5 43. f5+ $1 Kh6 44. f4 $1 hxg4 45. Rc8 $1 {y la amenaza
de mate le cuesta la torre a Morozevich.  Un sólo error de Morozevich ha
bastado para que el actual campeón de León consiga su primera victoria.} 1-0

[Event "Primera semifinal"]
[Site "?"]
[Date "2009.06.05"]
[Round "2.1"]
[White "Morozevich, Alexander"]
[Black "Ivanchuk, Vassily"]
[Result "1/2-1/2"]
[WhiteElo "2751"]
[BlackElo "2746"]
[PlyCount "102"]
[EventDate "2009.06.05"]
[EventType "tourn"]
[EventRounds "4"]
[EventCountry "ESP"]
[SourceDate "2009.06.05"]

1. d4 Nf6 2. c4 e6 3. Nc3 Bb4 4. Qc2 O-O 5. Nf3 c5 6. dxc5 Na6 7. c6 {
Morozevich ya ha jugado así en dos ocasiones contra Ponomariov y Kamsky
obteniendo sendas victorias.} d5 $5 {Novedad, sin duda preparada por Ivanchuk
para este torneo.} ({Morozevich se había enfrentado con éxito a las dos
capturas de peón} 7... dxc6 8. a3 Bxc3+ 9. Qxc3 Nc5 10. Be3 Nce4 11. Qe5 b5 12.
g4 c5 13. g5 Qa5+ 14. b4 $1 {Morozevich,A -Ponomariov,R Moscú 2008}) ({y} 7...
bxc6 8. g3 Nc5 9. Bd2 d5 10. Bg2 Ba6 11. O-O Rc8 12. Nxd5 cxd5 13. Bxb4 Qb6 14.
Ba3 Bxc4 15. Rac1 Nfd7 16. Ng5 $14 {Morozevich,A - Kamsky,G  Nice 2009}) 8. a3
(8. cxb7 Bxb7 9. cxd5 Nxd5 {es demasiado activo para las negras a cambio de
sólo un peón.}) 8... Bxc3+ 9. Qxc3 Ne4 10. Qc2 bxc6 11. e3 (11. g3 {seria otra
seria posibilidad de desarrollo del flanco de rey.}) 11... Qa5+ 12. Bd2 Nxd2 {
También era posible mantener este poderoso caballo y volver con la dama a b6} (
12... Qb6) 13. Nxd2 c5 {Lógico.Intentando ganar casillas centrales y mas
posibilidades al alfil negro.} 14. Bd3 h6 (14... Nb4 $5 {era más que posible.
Incluso recomendable.} 15. Bxh7+ Kh8 16. Qb1 Nc6 {y debido a la dificultad de
enrocar se hace dificil coordinar las piezas blancas.}) 15. O-O Bb7 16. Rfc1 {
Tipica posicion en la que muchas jugadas son posibles.} (16. Rac1) (16. Rfd1) (
16. Nf3 $5 {la mejor en nuestra opinión}) 16... Qb6 $6 {a las negras les pasa
lo mismo.Muchas jugadas de torre eran posibles y posiblemente mejores.} (16...
Rac8) (16... Rfc8) 17. b4 $1 {de acuerdo con nuestro amigo Rybka,la posicion
blanca ya es preferible.} dxc4 {Necesaria.Dejar avanzar a toda la tropa de
peones blanca del flanco de dama es muy molesto para las negras.} (17... Rac8
18. b5 $16) 18. Nxc4 Qc6 {Siempre es interesante amenazar mate.} 19. Bf1 $16 {
La presion blanca en el ala de dama es ciertamente preocupante.Las torres
negras no cooperan.} cxb4 20. Na5 (20. axb4 $1 {aún era mejor,ya que las
amenazas blancas son de difícil solución.}) 20... Qxc2 (20... Qb6 21. Nxb7 Qxb7
22. Qa4 Nc7 23. axb4 Nd5 24. b5 $16 {la debilidad negra de a7 es bastante
seria.}) 21. Rxc2 b3 (21... Be4 22. Rc4 Bd5 (22... f5 23. Rxe4 fxe4 24. Bxa6)
23. Rd4 Nc5 24. axb4 Nb3 25. Nxb3 Bxb3 26. Rd7 $16 {nuevamente las torres
blancas son superiores a las negras.}) 22. Rc3 b2 23. Rb1 Rfc8 (23... Rac8 $5
24. Rxc8 Bxc8 25. Rxb2 Rd8 {era algo más activo.}) 24. Rxc8+ Bxc8 25. Rxb2 Nc5
26. Rc2 $1 Ne4 27. Rc7 Kf8 $6 {La posición negra no es fácil, pero había que
aguantar apelando a la madre de la ciencia.} (27... Nd6 $5 {con idea de Ce8
expulsando a esa molesta torre de la séptima fila.}) 28. Nc6 (28. Nc4 $1 Ba6
29. Ne5) 28... a5 $1 29. Na7 $6 {Muy aparente,pero pierde la ventaja.} (29. Ne5
Nd6 30. g4 $16) 29... Nd6 $1 {Todas defienden!} 30. e4 e5 {Las negras
consiguen la casilla e6 para su alfil y la posición tiende ahora a la igualdad}
31. Nc6 f6 32. Ne7 Be6 33. f3 Bf7 34. Nf5 Nxf5 35. exf5 a4 36. Bb5 Rb8 37. Bc4
Be8 38. Be6 Rd8 39. Rc3 Rd2 40. h4 h5 41. Kh2 Rb2 42. Kh3 Ke7 43. Rc7+ Kf8 44.
g4 {un vano y desesperado intento de confundir a Ivanchuk} Rd2 45. g5 Rd3 46.
g6 Rxf3+ 47. Kg2 Rxa3 48. Rc8 Ke7 49. Rc7+ Kf8 50. Rc8 Ke7 51. Rc7+ Kf8 {y
tablas  Ivanchuk 1,5 - Morozevich 0,5} 1/2-1/2

[Event "Primera semifinal"]
[Site "?"]
[Date "2009.06.05"]
[Round "3.1"]
[White "Ivanchuk, Vassily"]
[Black "Morozevich, Alexander"]
[Result "1/2-1/2"]
[WhiteElo "2746"]
[BlackElo "2751"]
[PlyCount "75"]
[EventDate "2009.06.05"]
[EventType "tourn"]
[EventRounds "4"]
[EventCountry "ESP"]
[SourceDate "2009.06.05"]

1. c4 {Ivanchuk tiene un repertorio amplísimo que incluye prácticamente todo
el abanico que ofrece la teoría de aperturas en esta ocasión le toca el turno
a la venerable Apertura Inglesa} e5 2. g3 Nf6 3. Bg2 d5 {las negras eligen uno
de los sistemas de defensa más populares, la posición se transforma en una
variante de Dragón de la defensa siciliana con los colores cambiados} 4. cxd5
Nxd5 5. Nc3 Nb6 6. d3 Be7 7. Be3 O-O 8. Rc1 f5 9. Nf3 Nc6 10. O-O Kh8 11. a3
Be6 {se ha alcanzado una posición cómoda para el bando siciliano que en este
caso es el blanco.} ({defender e5 con} 11... Bf6 12. Bc5 Re8 13. b4 Be6 14. Nd2
Nd5 15. Nxd5 Bxd5 16. e4 fxe4 17. Nxe4 $14 {tampoco resolvío todos los
problemas de las negras en la partida 1-0 Onischuk,A -Fogarasi,  Budapest 1993}
) 12. b4 a5 $6 {Novedad de Morozevich que provoca intrincadísimas
complicaciones} ({de nuevo la alternativa es} 12... Bf6 13. Bc5 Rf7 14. e4 Rd7
15. Qe2 Rxd3 16. b5 Bc4 17. bxc6 Rxc3 18. Qd2 Bxf1 19. Qxc3 Bxg2 20. cxb7 $1
$16 {y las complicaciones han resultado favorables al balnco en la partida
Savchenko,B -Rublevsky,S Moscú 2007}) 13. b5 Nd4 14. Nxe5 Bxa3 15. Bxb7 $1 {
este golpe puede habérsele escapado a Morozevich. Ivanchuk tiene ahora una
fuerte iniciativa} ({contra} 15. Rb1 {simplemente} Bb4 {y todo está en orden})
15... Bxc1 16. Qxc1 Rb8 17. Bxd4 $1 Qxd4 18. Nc6 {Las blancas consolidan la
ganacia de material} Qd6 19. Nxb8 Rxb8 20. Bc6 a4 {este bpeón pasado es el
único factor con que pueden contar las negras para organizar un contrajuego}
21. Qe3 Bb3 22. Ra1 h6 23. Qc1 Rd8 24. Qa3 Qe5 25. Rc1 h5 26. Bf3 h4 {la
ventaja parece estar del lado de las blancas, pero la centralización de la
dama negra y el peón pasado de la columna "a" dan cierto contrajuego a
Morozevich} 27. Qb4 Rd4 {es necesario cortar el paso de la dama blanca al
flanco de rey} 28. Qf8+ Kh7 29. g4 {una jugada sorprendente que tiene como
objetivo debilitar las casillas blancas en especial la diagonal e4-h7. A pesar
de todos estos factores parece que con una defensa precisa las negras
sostienen la posición} Rf4 $6 {Morozevich deja pasar una buena oportunidad} ({
era posible a pesar de todo} 29... fxg4 $1 30. Be4+ g6 {y no se ve un camino
claro para las blancas}) 30. Qd8 $1 {Invanchuk se hace ahora con la iniciativa:
el peón de "h4" cae con jaque} (30. gxf5 h3) 30... a3 $5 {el mejor recurso
para obtener contrajuego} 31. Qxh4+ Kg8 32. Qd8+ Kh7 33. gxf5 a2 {las negras
amenazan Qc3} 34. Nxa2 $1 {Ivanchuk encuentra la jugada ganadora} Bxa2 35. Rxc7
$2 {pero ahora se equivoca} ({era muy fuerte} 35. Qxc7 Qxc7 36. Rxc7 {las
negras dificilmente podrán oponerse a la peonada blanca}) 35... Bd5 $1 {ahora
las negras obtienen contrajuego contra el rey blanco} 36. e4 {las blancas se
conforman ya con las tablas} Rxf3 37. Qh4+ Kg8 38. Qd8+ {y tablas por jaque
perpetuo. Morozevich necesita la victoria en la cuarta y última partida para
empatar el encuentro.} 1/2-1/2

[Event "Primera semifinal"]
[Site "?"]
[Date "2009.06.05"]
[Round "4.1"]
[White "Morozevich, Alexander"]
[Black "Ivanchuk, Vassily"]
[Result "1/2-1/2"]
[WhiteElo "2751"]
[BlackElo "2746"]
[PlyCount "53"]
[EventDate "2009.06.05"]
[EventType "tourn"]
[EventRounds "4"]
[EventCountry "ESP"]
[SourceDate "2009.06.05"]

1. d4 Nf6 2. c4 e6 3. Nc3 Bb4 {Ivanchuk insiste con la Nimzoindia} 4. Qc2 O-O {
pero ahora se aparta de lo senda de la segunda partida en la que pasó por
serios apuros} 5. a3 Bxc3+ 6. Qxc3 b6 7. Bg5 Bb7 8. e3 d6 9. Ne2 Nbd7 10. Qc2
c5 11. Rd1 Qe7 12. d5 {Novedad teórica que no pasará a la historia: Ivanchuk
conseguirá la igualdad sin problemas} (12. Nc3 Rac8 13. d5 h6 14. Bh4 exd5 15.
cxd5 a6 16. a4 c4 17. Rd4 Ne5 18. Qd1 Rc5 19. Be2 g5 $13 {Es poco claro,
aunque las blancas acabaron ganando en Grischuk,A (2719)-Nakamura,H (2704)/
Dresden 2008}) 12... exd5 13. cxd5 Rae8 14. Nc3 Qe5 $1 {Jugada multiusos,la
dama se desclava y ataca el alfil de g5 y el desvalido peón de d5 blanco.Es,
posiblemente, la refutación de la novedad blanca.  Las negras se apoderan de
la iniciativa.} 15. Bxf6 Nxf6 16. Bc4 Bc8 $5 {Llevando al alfil a lugares mas
activos.} (16... Re7 {era otro plan más que interesante.}) 17. Be2 (17. O-O $2
Ng4 18. g3 Qh5 19. h4 g5 $17) 17... Bf5 18. Qb3 Ne4 {lo mas simple.
Simplificando las negras se acercan a la final.} 19. O-O Nxc3 20. bxc3 Be4 $1
21. Bb5 (21. f3 $2 Bg6 $1 22. e4 f5 $15) (21. Rfe1 Qg5 22. Bf1 {manteniendo
minimamente la tensión y alguna posibilidad en el match}) 21... Re7 22. c4 $6
Qf5 $1 {amenazando tanto Bc2 ganando la calidad como Bxg2 forzando las tablas
por jaque continuo. El match ha terminado} 23. Rd2 Bxg2 24. Kxg2 Qg4+ 25. Kh1
Qf3+ 26. Kg1 Qg4+ 27. Kh1 1/2-1/2